00440nam a2200121Ia 4500008004100000245017900041260001700220260000900237300000800246650002300254650001200277856002900289170516s9999 xx 000 0 und d aPhotodynamic Therapy Induced Enhancement of Tumor Vasculature Permeability Using an Upconversion Nanoconstruct for Improved Intratumoral Nanoparticle Delivery in Deep Tissues bTheranostics c2016 a6:8 xMedical Technology xMedtech uhttp://www.thno.org/v6i8